Azorín y la amistad (Record no. 60269)

MARC details
000 -LEADER
campo de control de longitud fija 00640nam a2200193 i 4500
001 - NÚMERO DE CONTROL
campo de control 60269
003 - IDENTIFICADOR DE NÚMERO DE CONTROL
campo de control ES-MaACL
005 - FECHA Y HORA DE LA ÚLTIMA TRANSACCIÓN
campo de control 20250815151451.0
007 - CAMPO FIJO DE DESCRIPCIÓN FÍSICA--INFORMACIÓN GENERAL
campo de control de longitud fija t|
008 - DATOS DE LONGITUD FIJA--INFORMACIÓN GENERAL
campo de control de longitud fija 031104s1954 sp ||||1| spa d
100 1# - ENTRADA PRINCIPAL--NOMBRE DE PERSONA
Nombre de persona Espresati, Carlos G.
9 (RLIN) 47945
245 10 - MENCIÓN DEL TÍTULO
Título Azorín y la amistad
Resto del título : (escollos en sufragio de Gabril Miró) /
Mención de responsabilidad, etc. Carlos G. Espresati.
260 ## - PUBLICACIÓN, DISTRIBUCIÓN, ETC.
Lugar de publicación, distribución, etc. Castellón de la Plana :
Nombre del editor, distribuidor, etc. [s.n.,
Fecha de publicación, distribución, etc. 1954] (
Fabricante Tip. F. Armengol)
300 ## - DESCRIPCIÓN FÍSICA
Extensión XIV, 45 p. ;
Dimensiones 21 cm.
490 1# - MENCIÓN DE SERIE
Mención de serie Crítica e ideas estéticas ;
Designación de volumen o secuencia 2
830 00 - PUNTO DE ACCESO ADICIONAL DE SERIE-TÍTULO UNIFORME
Título uniforme Crítica e ideas estéticas
Designación de volumen o secuencia 2
9 (RLIN) 230548
852 ## - LOCALIZACIÓN
Ubicación ES-MaACL
Número de control de estantería 1986-F-4
Sublocalización o colección R.37244
Holdings
Estatus retirado Estado de pérdida Estado de daño No para préstamo Colección Biblioteca de origen Biblioteca actual Ubicación en estantería Fecha de adquisición Fuente de adquisición Total de préstamos Signatura topográfica completa Código de barras Visto por última vez Precio de reemplazo Tipo de ítem Koha
        Colección de folletos Biblioteca del Ateneo de Madrid Biblioteca del Ateneo de Madrid Depósito folletos 17/01/2008     1986-F-4 1063214 23/02/2023 23/02/2023 Folleto